000 00430nam a2200169Ia 4500
008 230524s9999 xx 000 0 und d
082 _a5.133
_bTHE
100 _aR.Theagarajan
245 0 _aMicroprocessor and Its Applications
250 _a1ST
260 _aNEW DELHI
_bNew Age
_c2004
300 _aXI;383
500 _aQuantity Number: 2
650 _aComp-Sc
700 _a" S.Dhanasekaran , S.Dhanapal,,,"
942 _cBK
999 _c36519
_d36519